| 000 | 00480nam a2200169Ia 4500 | ||
|---|---|---|---|
| 999 |
_c387 _d387 |
||
| 003 | OSt | ||
| 005 | 20210902111206.0 | ||
| 008 | 190216s9999||||xx |||||||||||||| ||und|| | ||
| 040 | _coclc | ||
| 082 |
_a297 _bALZ/K |
||
| 100 |
_aAl Zindani, Abdul Majeed Azeez _98737 |
||
| 245 | 0 |
_aKithab Al Thoufeed / _cAbdul Majeed Azeez Al Zindani |
|
| 260 |
_bAl Huda Book Stall, _aTirur: |
||
| 300 | _a86p | ||
| 650 | _aArabic | ||
| 942 |
_cBK _2ddc _h297 _iALZ/K _k297 _mALZ/K |
||